Intangible heritage and the museum : new perspectives on cultural preservation
Αποθηκεύτηκε σε:
| Κύριος συγγραφέας: | |
|---|---|
| Μορφή: | Βιβλίο |
| Γλώσσα: | English |
| Δημοσίευση: |
London :
Routledge,
2012.
|
| Σειρά: | Critical cultural heritage series
|
| Θέματα: | |
| Ετικέτες: |
Προσθήκη ετικέτας
Δεν υπάρχουν, Καταχωρήστε ετικέτα πρώτοι!
|
MARC
| LEADER | 00000nam a2200000 a 4500 | ||
|---|---|---|---|
| 001 | 1/111671 | ||
| 008 | 160902s2012####nyu||| |||||||||| ||eng|| | ||
| 020 | |a 9781611321517 | ||
| 040 | |a GR-MyUa |b gre |c GR-MyUa |e AACR2 | ||
| 041 | 0 | |a eng | |
| 082 | 7 | |a 069.55 |2 (23) | |
| 100 | 1 | |a Αλιβιζάτου, Μαριλένα. | |
| 245 | 1 | 0 | |a Intangible heritage and the museum : |b new perspectives on cultural preservation / |c Marilena Alivizatou. |
| 260 | |a London : |b Routledge, |c 2012. | ||
| 300 | |a 225 σ. ; |c 24 εκ. | ||
| 490 | 1 | |a (Critical cultural heritage series ; |v 8) | |
| 504 | |a Περιέχει βιβλιογραφία και ευρετήριο. | ||
| 650 | 0 | |a Ethnological museums and collections. | |
| 650 | 0 | |a Cultural property |x Protection. | |
| 650 | 0 | |a Cultural property |x Government policy. | |
| 650 | 0 | |a Museums |x Management. | |
| 650 | 0 | |a Museums |x Administration. | |
| 830 | 0 | |a Critical cultural heritage series |n 8. | |
| 852 | |a INST |b LESVOS |c BK |e 20160902 |h 069.55 ΑΛΙ |p 005100058123 |q 005100058123 |t BK |y 0 | ||
| 922 | |a 1ΕΛΗ |b 2016-06 |c Τμήμα Πολιτισμική Τεχνολογία και Επικοινωνία |d Δρες | ||
| 970 | |a Καμάτσου |b Δέσποινα |z 02-09-2016 | ||